书目信息 |
| 题名: |
知识就是力量
|
|
| 作者: | ;科学普及出版社 编 | |
| 分册: | 第2期 | |
| 出版信息: | 北京 科学普及出版社 1979.07 |
|
| 页数: | 64页 | |
| 开本: | 26cm | |
| 丛书名: | ||
| 单 册: | ||
| 中图分类: | N56 | |
| 科图分类: | ||
| 主题词: | 自然科学--丛书 , 自然科学--文集 , 自然科学--连续出版物 | |
| 电子资源: | ||
| ISBN: | ||
| 000 | 00701nam0 2200241 450 | |
| 001 | 0633473483 | |
| 005 | 20060425092022.89 | |
| 010 | @dCNY0.38 | |
| 100 | @a20060425d1979 km y0chiy0120 ea | |
| 101 | 0 | @achi |
| 102 | @aCN@b110000 | |
| 102 | @aCN@b110000 | |
| 200 | 1 | @a知识就是力量@Azhi shi jiu shi li liang@e丛刊@h第2期@f科学普及出版社编@Fke xue pu ji chu ban she bian |
| 210 | @a北京@c科学普及出版社@d1979.07 | |
| 215 | @a64页@d26cm | |
| 517 | 1 | @a丛刊@Acong kan |
| 606 | 0 | @a自然科学@x丛书 |
| 606 | 0 | @a自然科学@x文集 |
| 606 | 0 | @a自然科学@x连续出版物 |
| 690 | @aN56@v3 | |
| 711 | 0 | @a科学普及出版社@Ake xue pu ji chu ban she@4编 |
| 801 | 0 | @aCN@bPFT@c20060425 |
| 905 | @a10447@dN56@e2/79 | |
| 知识就是力量:丛刊.第2期/科学普及出版社编.-北京:科学普及出版社,1979.07 |
| 64页;26cm |
| ISBN :CNY0.38 |
| ● |
| 相关链接 |
|
|
|
|
正题名:知识就是力量
索取号:N56/2/79
 
预约/预借
| 序号 | 登录号 | 条形码 | 馆藏地/架位号 | 状态 | 备注 |
| 1 | 0020698 | 202284394 | 密集书库/ [索取号:N56/2/79] | 在馆 |